000 00795nmm a2200289 a 4500
003 AR-BaBNM
005 20251128203412.0
008 197019s1967 ||||||||||||||000 | spa||
040 _cAR-BaBNM
100 1 _aMouchet, Carlos
245 1 0 _aIntroducción al derecho
250 _a6ª ed.
260 _aBuenos Aires
_bPerrot
_c1967
300 1 _axv, 591 p.
500 0 _aIndice p. v-xv
500 0 _aIndice de materias y de autores citados p. 581-591
504 _aContiene bibliografía al final de cada capítulo
650 4 _aDERECHO
650 4 _aTEORIA DEL DERECHO
650 4 _aFILOSOFIA DEL DERECHO
650 4 _aLEGISLACION
650 4 _aHISTORIA DEL DERECHO
650 4 _aLEGISLACION ARGENTINA
700 1 _aZorraquin Becú, Ricardo
942 _cBK
998 _cAndrea
999 _c3223
_d3223